<?xml version="1.0" encoding="UTF-8"?>
<record
    xmlns:xsi="http://www.w3.org/2001/XMLSchema-instance"
    xsi:schemaLocation="http://www.loc.gov/MARC21/slim http://www.loc.gov/standards/marcxml/schema/MARC21slim.xsd"
    xmlns="http://www.loc.gov/MARC21/slim">

  <leader>00416    a2200121   4500</leader>
  <controlfield tag="001">ART_21186</controlfield>
  <controlfield tag="005">20260410161914.0</controlfield>
  <controlfield tag="008">260409a                                 </controlfield>
  <datafield tag="245" ind1="1" ind2="0">
    <subfield code="a">Variance-minimizing monetary policies with lagged price adjustment and rational expectations</subfield>
  </datafield>
  <datafield tag="100" ind1="1" ind2=" ">
    <subfield code="a">Green, Jerry R.</subfield>
  </datafield>
  <datafield tag="700" ind1="1" ind2=" ">
    <subfield code="a">Honkapohja, Seppo</subfield>
  </datafield>
  <datafield tag="773" ind1="0" ind2=" ">
    <subfield code="t">European economic review</subfield>
    <subfield code="g">- Vol. 20, N&#xBA;1/3 (ene. 1983)</subfield>
    <subfield code="w">REV13346</subfield>
  </datafield>
  <datafield tag="999" ind1=" " ind2=" ">
    <subfield code="c">27062</subfield>
    <subfield code="d">27062</subfield>
  </datafield>
</record>
